LEADER 01099nam a2200241 i 4500 001 000000195891 003 CaOOAMICUS 005 20110104000000.0 008 110104s1985 xx u000 u fre u 013 $a174571 040 $aSeMil$bita 100 1 $aTirot, Paul .$0(OLS)http://semarc/name/70995 245 10$aHistoire des prières d'offertoire dans la liturgie romaine du 7. au 16. siècle /$cPaul Tirot. 260 $aRoma :$bCLV Edizioni Liturgiche,$c1985. 300 $a125 p. ;$c24 cm. 490 0 $aBibliotheca Ephemerides Liturgicae. Subsidia ;$v34 650 4$aLiturgia romana - Storia.$0(OLS)http://semarc/subject/36803 830 0$aBibliotheca Ephemerides Liturgicae. Subsidia ;$v34.$0(OLS)http://semarc/title/38 850 $aSeMil 852 $aSeMil$W1$xVenegono$y1$m3KA A 34$j226658$B146458$CSeMilBibl$Z2$F157923 $81 961 $aAcquisto: Casa editrice 996 $6245$aHistoire des prières d'offertoire dans la liturgie romaine du 7. au 16. siècle$9(OLS)http://semarc/title/282777 996 $6260$aRoma :$bCLV Edizioni Liturgiche$9(OLS)http://semarc/publisher/29627 LEADER 00854nam a2200217 i 4500 001 000000128177 003 CaOOAMICUS 005 20040719000000.0 008 040719s1966 it u000 u ita u 013 $a100899 040 $aSeMil$bita 245 10$aAlonso Berruguete. 260 $aMilano :$bFratelli Fabbri Editori,$ccopyr. 1966. 300 $a1 fasc. :$bill., tav. ;$c36 cm. 490 0 $aI maestri della scultura ;$v12.[2] 600 14$aBerruguete, Alonso <1488-1561>.$0(OLS)http://semarc/subject/25226 830 2$aI maestri della scultura ;$v12.[2].$0(OLS)http://semarc/title/15794 850 $aSeMil 852 $aSeMil$W1$xVenegono$y1$m5J VII 2/12$j82407$B82407$CSeMilBibl$Z2$F84729 $81 996 $6245$aAlonso Berruguete$9(OLS)http://semarc/title/189392 996 $6260$aMilano :$bFratelli Fabbri Editori$9(OLS)http://semarc/publisher/29845